00330nam a22001337a 4500003000400000008004100004020001800045082001700063100002300080245001700103260004300120300001400163650001900177OSt240224b |||||||| |||| 00| 0 eng d a9781526656520 a954.031bANW aDALRYMPLE, William aThe Anarchy  aLondon:bBloomsbury Publishing,c2019. axIi,522p. aGeneral Books